000 00763nam 22002293 4500
001 199937
010 _a972-42-0701-3
021 _aPT
_b62 496/93
090 _a199937
100 _a20260115d u||y0pory50 ba
200 _aStephen Hawking uma vida na ciência
_fMichael White, John Gribbin
_gtradução Manuel Cordeiro ; revisão científica de Máximo Ferreira
210 _a[Lisboa]
_cCírculo de Leitores
_d1993
215 _a327 p.
_cencadernado
_d21 cm
675 _a53 Hawking, Stephen
_vPT
_zpor
675 _a929Hawking, Stephen
_vPT
_zpor
700 _915764
_aWhite
_bMichael
_f1959-
701 _912663
_aGribbin
_bJohn
702 _96035
_aCordeiro
_bManuel
702 _912733
_aFerreira
_bMáximo
801 _aPT
_bBMMN
_gRPC
830 _cAna
_fAna
990 _cLIVROS